000 00458nam a2200193Ia 4500
005 20240823055303.0
008 240823s9999||||xx |||||||||||||| ||und||
041 _aENGLISH
082 _A500 Q1
100 _a"Stewart, Ian"
245 0 _aFearful Symmetry : Is God a Geometer?
250 _a1st
260 _c2011
_bDover Publica
500 _aYES
650 _aGeometer
_bGeneral
700 _a" Golubitsky, Martin"
942 _cBK
999 _c228429
_d228429